| 000 | 00437nam a22001337a 4500 | ||
|---|---|---|---|
| 008 | 100114t2000 nju||||| |||| 000 0 eng d | ||
| 020 | _a013030042X | ||
| 082 |
_222 _a658.45 _bBOV |
||
| 245 |
_aBusiness Communication Today. Insructor's Resource Manual/ _cCourtland L. Bovee and John V. Thill |
||
| 250 | _a6th ed. | ||
| 260 |
_aUpper Saddle River,New Jersey: _bPrentice Hall, _c2000 |
||
| 300 |
_a499p.: _bill.; _c22 cm. |
||
| 942 |
_2ddc _cARCH |
||
| 999 |
_c13129 _d13129 |
||